00951nam a2200241Ia 4500001000600000003000900006008004100015040001300056040001300069041001300082100002900095100002900124245004000153245003200193250001100225260002100236260001100257260004900268300005900317500026600376650003600642650003100678 5305IT-RoPAU130308s9999 xx 000 0 und d aIT-RoPAU cIT-RoPAU aSPAGNOLO aGarcia Jimenez Baldomero gCodice Aut. SPICS: 5222 aPeriodismo en radio y en television bEnciclopedia del Periodismo a4a ed. aBARCELONA/MADRID bNoguer c1966 [1° Ed.:1953 - Ed.Ling.Originale:1953] a"22 p. (prefazione: no ; testo: 22 [pagine: 709-730])" aGiornalismo radiotelevisivo nuove Tecniche d'informazione Mondovisione Laser Come Deve Essere L'Informazione radiofonica Informazione televisiva con L'Immagine Maturazione del Processo informativo giornalisti in tv Nuovo Giornalismo Dall'Intervista al Reportage aENCICLOPEDIE DI STAMPA DI MASSA eCodice materia Spics: 6651